000 01163nam a2200325Ia 4500
001 41277
003 IT-RoPAU
008 130308s9999 xx 000 0 und d
040 _aIT-RoPAU
040 _cIT-RoPAU
041 _aITALIANO
100 _aAA.VV.
100 _gCodice Aut. SPICS: 12000
245 _aHenze (A cura di Enzo Restagno)-Edt/Musica
245 _bHenze (A cura di Enzo Restagno)-Edt/Musica
250 _a1a ed.
260 _aTORINO
260 _bEDT
260 _c1986 [1° Ed.:1986 - Ed.Ling.Originale:1986]
300 _a"452 p. (prefazione: 14; testo: 438)"
500 _aHenze Hans Werner Vita e Opere Musica Politica Cultura Teatro Musicale composizioni strumentali e Vocali Testi di Henze Il Messaggio della Musica Musica Come Comportamento di resistenza Repubblica federale tedesca e la Musica Bach e la Musica del Nostro Tempo Catalogo delle Opere Bibliografia e Discografia a cura di Giorgio Pagliaro
650 _aAUTORI/OPERE DI MUSICA
650 _eCodice materia Spics: 7007
700 _aRestagno Enzo
700 _gCodice Aut. SPICS: 11113
942 _cBK
957 _71
999 _c73872
_d73872
999 _bSI
999 _g1